MDQL
is popping MORE tags! Check the
thread
!
Quizzes
Events
Quiz Creation
Community
Videos
Private Events
Remove Ads
Sign In
Join for FREE
Feedback
Dark Mode
Quiz Categories
Sports
Geography
Music
Movies
Television
Just For Fun
Miscellaneous
History
Literature
Language
Science
Gaming
Entertainment
Religion
Holiday
For Kids
Quiz Lab
Recent
Popular Today
Quiz Kudos Today
Editor Picks
Curator Picks
Quizzes by...
Day
Popularity
Type
Ratings
Length
Year
Community
Subscriptions
Recent Discussions
Orange Saloon
Badges
Playlists
Quests
Create
Leaderboards
Showdown
Live 5
Trivia Bingo
Activity
Puzzle Library
Sporcle Events
Private Events
Virtual Trivia
Globe League
Become a Host
Pub Owners
SporcleCon
Opinionation
Our Games
Videos
Blog
Mobile Apps
Partnerships
Remove Ads and Go Orange
Feedback
Miscellaneous
Crossword
General Knowledge
Baby Names
Logo
Food
Cars
Numbers
Grab Bag
University
College
Popular
Company
Slogans
Restaurants
Justice
Letter
Miscellaneous
Crossword
General Knowledge
Baby Names
Logo
Food
Cars
Numbers
Grab Bag
University
College
Popular
Company
Slogans
Restaurants
Justice
Letter
Random Quiz
Search Sporcle
×
Quiz Lab
Quiz Lab
Miscellaneous
railroad
Type in answers that appear in a list
Type in answers that appear in a list
Classic
Best Score? Go Orange.
SEPTA Regional Rail Stations Stats
Can you name the SEPTA Regional Rail Stations?
By
abcabbdab
11m
157 Questions
1,260 Plays
1,260 Plays
1,260 Plays
Comments
Comments
Give Quiz Kudos
Give Quiz Kudos
-
- Ratings
hide this ad
Replay
Link that replays current quiz
Next Quiz
Link to next quiz in quiz playlist
You Got
0%
They Got
Avg Score
66%
Avg Friend Score
Upgrade to see
Score Distribution
Jump to the score distribution portion of the page
Score
0/157
Timer
11:00
0
Plays Today
% Correct
30th Street
94.7%
Media
92.9%
Newark
92.7%
Paoli
92.7%
Elwyn
92.2%
Trenton Transit Center
91.6%
Wilmington
91.5%
Suburban
90.8%
Thorndale
90.7%
Cynwyd
90.5%
Jefferson
89.9%
Doylestown
88.5%
Warminster
88.2%
Norristown Transportation Center
87.8%
West Trenton
87.2%
Bala
87.1%
Chestnut Hill West
86.8%
Lansdale
86.5%
Fox Chase
86.4%
Manayunk
85.7%
Terminal A (East & West)
85.1%
Terminal B
84.7%
Chestnut Hill East
84.7%
Temple University
84.5%
Penn Medicine
83.5%
Penn Medicine
83.5%
Penn Medicine
83.5%
Wayne
82%
North Philadelphia
81.8%
North Philadelphia
81.8%
Chester Transportation Center
80.1%
Villanova
79.9%
Jenkintown-Wyncote
79%
Overbrook
79%
Fern Rock Transportation Center
78.5%
Bryn Mawr
78.1%
Ardmore
76.9%
Eastwick
76%
North Broad
75.5%
Glenside
75%
Malvern
75%
Marcus Hook
74.3%
Elkins Park
74.2%
Haverford
74.1%
Wayne Junction
73.5%
Levittown
73.3%
Narberth
73%
Radnor
72.4%
Bristol
72.1%
Merion
72%
Downingtown
71.6%
Swarthmore
71.1%
Exton
71%
% Correct
Darby
70.8%
Melrose Park
70.7%
Wynnewood
69.7%
Terminals C & D
69.5%
Claymont
69.3%
Conshohocken
69.1%
49th Street
69%
St. Davids
69%
Ambler
69%
Terminals E & F
68.9%
Churchmans Crossing
68.7%
9th Street
67.7%
Yardley
67.4%
Rosemont
67.2%
East Falls
67.2%
Croydon
66.8%
Tacony
66.4%
Germantown
66.4%
Bridesburg
66.3%
Main Street
66.3%
Cornwells Heights
66%
Hatboro
65.5%
Allegheny
65.2%
Angora
64.8%
Fort Washington
64.8%
Torresdale
64.8%
Highland
64.8%
Delaware Valley University
64.4%
Elm Street
64.4%
Prospect Park
63.9%
Willow Grove
63.9%
Olney
63.7%
Berwyn
63.6%
Ridley Park
63.4%
Wissahickon
63.4%
Sharon Hill
63.2%
Eddystone
62.9%
Secane
62.5%
Morton
62.5%
Ivy Ridge
62.2%
Holmesburg Junction
62%
Devon
61.7%
Link Belt
61.6%
Cheltenham
61%
Norwood
60.9%
Wynnefield Avenue
60.4%
Colmar
60.3%
Eddington
60.2%
Chalfont
60.2%
Langhorne
60%
Highland Avenue
59.9%
Miquon
59.8%
Lansdowne
59.8%
% Correct
Oreland
59.7%
North Wales
59.4%
Curtis Park
59%
Glenolden
58.8%
Primos
58.7%
Folcroft
58.7%
Daylesford
58.5%
Wallingford
58.4%
Fernwood-Yeadon
58.3%
Rydal
58.2%
Strafford
57.7%
Queen Lane
57.7%
Bethayres
57.4%
Mount Airy
57.2%
North Hills
57.1%
New Britain
57.1%
Roslyn
57%
Crum Lynne
56.8%
Moylan-Rose Valley
56.8%
Noble
56.7%
Whitford
56.3%
Clifton-Aldan
56%
Fortuna
55.5%
Ryers
55.5%
Chelten Avenue
55.2%
Somerton
54.4%
Neshaminy Falls
53.8%
Spring Mill
53.8%
Ardsley
53.7%
Allen Lane
53.7%
Gladstone
53.4%
Penllyn
52.5%
Philmont
52.2%
Woodbourne
52%
Gwynedd Valley
51.9%
Pennbrook
51.6%
Upsal
51.3%
Meadowbrook
50.6%
Trevose
50.6%
Tulpehocken
50.3%
Forest Hills
50.2%
Gravers
50.1%
Lawndale
49.1%
Crestmont
49%
St. Martins
48.9%
Carpenter
48.7%
Wister
48.2%
Washington Lane
46.8%
Stenton
45.7%
Sedgwick
45.6%
Wyndmoor
43.7%
Quiz Playlist
Details
Report
Send in Message
Add To Playlist
Classic:
Type in answers that appear in a list
Quiz Source
Last Updated: Feb 16, 2017
Quiz Scoreboard
CHALLENGE
Sign Up to Join the Scoreboard
Show All
Scores
Hide
Comments
May contain spoilers
Recently Published
Holiday 10x10 Sorting Gallery
by lukepisani3
Holiday
15m
Two Season TV Shows II
by 123Four
Television
10m
Image Sorting: Flags VI
by Barbecue
Geography
2m
More to Explore
Quiz From the Vault
Featured Blog Post
14 Easter Pick-up Lines to Find Eggs With
hide this ad
You Might Also Like...
Tags
Commuter Railines
Pennsylvania
Philadelphia
railroad
Rail Stations
Railway
Railwaystation
Railway Stations
Station Name
train
Train Stations
Today's Top Quizzes in Miscellaneous
Browse Miscellaneous
hide this ad
Today's Top Quizzes in railroad
Browse railroad
Top Contributed Quizzes in Miscellaneous
1
The JOE quick-fire general knowledge quiz: Day 174
2
9x9 Crossword: Disney Movie Titles
3
The JOE quick-fire general knowledge quiz: Day 173
4
5-to-1: Fast Food
5
9x9 Crossword: Charlie and the Chocolate Factory
6
9x9 Crossword: The Simpsons
7
9x9 Crossword: Flags
8
9x9 Crossword: Actors
9
9x9 Crossword: 2022 Movies
10
9x9 Crossword: Pixar Movie Titles
Explore More
Trending Topics
Disney
Crossword
Marvel
Anime
Kpop
Harry Potter
NBA
Pokémon
WWE
The Office
NFL
Soccer
Country
Puzzle
Song
hide this ad
More By:
abcabbdab
Quiz
Plays
Rating
Category
Featured
Created
SEPTA Regional Rail Stations
1,260
4.33
Miscellaneous
Dec 24, 2010
SEPTA Subway and Trolley Stations
450
1.67
Miscellaneous
Feb 19, 2011
Go to Creator's Profile
Score Distribution
Quiz Creator Spotlight
abcabbdab
Follow
Send a Message
Quizzes Created
-
Created Quiz Play Count
-
More By This Creator
Popular Quizzes Today
1
Find the US States - No Outlines Minefield
2
Colored Red Africa Blitz
3
Find the 'City' Movie
4
The Countries of the World
5
5x2 Blitz: Bands
6
Find the US States
7
Find the Countries of Europe - No Outlines Minefield
8
US States
More Miscellaneous Quizzes
Ends With 'P' Blitz
Quiz Lab
Trending Quizzes
Colored Red Europe Blitz I
Colored Red Europe Blitz II
Colored Red Africa Blitz II
Colored Red Europe Blitz III
Colored Red Africa Blitz III
Recently Updated
Odd Team Out - Big 4 Players
pecheneg
Quick Pick: 20 Twenties
pecheneg
March Madness Men's Triple Doubles
pecheneg
How Do You Spell That?
pecheneg
Godzilla Movies
pecheneg
Grab Bag: 4-10 Letters
pecheneg
2024 March Madness Bracket
pecheneg
Famous TV Couples
Peacemaker
Champions League XIs: Real Madrid
pecheneg
Largest US Cities 1790-2010
pecheneg
Trending Topics
Marvel
NBA
Crossword
Anime
Disney
Kpop
Harry Potter
Song
Puzzle
WWE
The Office
Country
NFL
Soccer
Pokémon
Your Account Isn't Verified!
In order to create a playlist on Sporcle, you need to verify the email address you used during registration. Go to your
Sporcle Settings
to finish the process.
Report this User
Report this user for behavior that violates our
Community Guidelines
.
Details:
Send Report
Go to the Sporcle.com Mobile Site →
Comments